000 01020 a2200241 4500
001 64004
005 20260521160828.0
008 260521a1979 arg spa d
003 AR-UNSa-BCEJYS
040 _aAR-UNSa-BCEJYS
_bspa
_cAR-UNSa-BCEJYS
080 _a658.5
_xPlanificación y control de la producción
245 1 0 _aEl control de calidad
020 _a978-84-234-0458-2
264 1 _aBilbao :
_bEdiciones Deusto
_c1979
300 _a476 p.
_c24 cm.
505 _a1. Primera Parte: Introducción al Control de Calidad - 2. Segunda Parte: El control del desarrollo y diseño de los productos - Tercera Parte: El control de los aprovisionamientos - Cuarta Parte: El control del proceso productivo - Quinta Parte: Las técnicas del control de calidad - Sexta Parte: La organización del control de calidad -
041 _aspa
942 _cBK
590 _aniveau_biblio:m niveau_hierar:0
100 1 _aGarbin, Maurizio
700 1 _aInvrea, Gregorio
700 1 _aEdiciones Deusto. Servicio de Estudios
999 _c36482
_d36482